Sports Quiz

Random Sports or NFL Quiz

Superbowl Champions 1967-2010 Quiz Stats

 Plays Quiz not verified by Sporcle

Score 0/44 Timer 03:00
0 Plays Today
Date Champion % Correct
Jan 15, 1967Green Bay Packers
96.7%
Jan 14, 1968Green Bay Packers
92.9%
Jan 12, 1969New York Jets
85.4%
Jan 11, 1970Kansas City Chiefs
73.3%
Jan 12, 1975Pittsburgh Steelers
63.4%
Jan 18, 1976Pittsburgh Steelers
63.1%
Jan 17, 1971Baltimore Colts
62.6%
Jan 14, 1973Miami Dolphins
61.6%
Feb 3, 2002New England Patriots
61.6%
Jan 21, 1979Pittsburgh Steelers
60.6%
Feb 1, 2004New England Patriots
59.9%
Feb 6, 2005New England Patriots
59.4%
Jan 16, 1972Dallas Cowboys
58.6%
Jan 20, 1980Pittsburgh Steelers
58.6%
Jan 28, 2001Baltimore Ravens
58.4%
Jan 25, 1998Denver Broncos
58.1%
Feb 1, 2009Pittsburgh Steelers
57.9%
Jan 31, 1999Denver Broncos
57.6%
Jan 30, 2000St. Louis Rams
57.5%
Jan 13, 1974Miami Dolphins
57.3%
Feb 3, 2008New York Giants
57.3%
Jan 30, 1994Dallas Cowboys
57.1%
Date Champion % Correct
Jan 31, 1993Dallas Cowboys
56.8%
Jan 26, 1997Green Bay Packers
56.6%
Feb 4, 2007Indianapolis Colts
56.6%
Feb 7, 2010New Orleans Saints
56.6%
Jan 28, 1996Dallas Cowboys
56.5%
Feb 5, 2006Pittsburgh Steelers
56.5%
Jan 26, 1986Chicago Bears
55.8%
Jan 9, 1977Oakland Raiders
55.1%
Jan 26, 2003Tampa Bay Buccaneers
54.5%
Jan 27, 1991New York Giants
54.3%
Jan 15, 1978Dallas Cowboys
54%
Jan 29, 1995San Francisco 49ers
53.8%
Jan 22, 1989San Francisco 49ers
53.6%
Jan 28, 1990San Francisco 49ers
53.6%
Jan 24, 1982San Francisco 49ers
52.8%
Jan 25, 1981Oakland Raiders
51.8%
Jan 26, 1992Washington Redskins
51.8%
Jan 20, 1985San Francisco 49ers
50%
Jan 25, 1987New York Giants
49.7%
Jan 30, 1983Washington Redskins
48%
Jan 31, 1988Washington Redskins
46.4%
Jan 22, 1984Los Angeles Raiders
45.5%

You're not logged in!

Compare scores with friends on all Sporcle quizzes.
OR
Log In

Show Comments

Extras

Top Quizzes Today


Score Distribution

Your Account Isn't Verified!

In order to create a playlist on Sporcle, you need to verify the email address you used during registration. Go to your Sporcle Settings to finish the process.

Report this User

Report this user for behavior that violates our Community Guidelines.

Details: